[Event "Titled Tue 3rd Jun Early"]
[Site "chess.com INT"]
[Date "2025.06.03"]
[Round "3"]
[White "Aravindhan, Achyuth"]
[Black "Karimova, Guldona"]
[Result "0-1"]
[WhiteTitle "CM"]
[BlackTitle "WIM"]
[WhiteElo "2098"]
[BlackElo "2265"]
[WhiteFideId "1084216"]
[BlackFideId "14210410"]
[EventDate "2025.06.03"]

1. Nf3 Nf6 2. g3 d5 3. d4 c5 4. Bg2 Nc6 5. O-O Bf5 6. b3 e6 7. Bb2 h6 8. a4 Be7
9. dxc5 Bxc5 10. Nbd2 O-O 11. Rc1 Rc8 12. c3 a5 13. Re1 e5 14. Nh4 Bh7 15. e4 d4
16. Nc4 Re8 17. cxd4 Bxd4 18. Ba3 Nb4 19. Bxb4 axb4 20. Nf5 Bxf5 21. exf5 b6 22.
Qe2 Nd5 23. Bxd5 Qxd5 24. Red1 Rb8 25. f6 g6 26. Qd2 Kh7 27. Qxb4 Qe6 28. Nd6
Bc5 29. Rxc5 bxc5 30. Qxc5 Red8 31. Rd5 Rxb3 32. h4 Rb1+ 33. Kg2 Rd7 34. Qc6 Rd8
35. Qc7 Rf8 36. Ra5 Qxf6 37. Ra7 Rb2 38. Qc5 Kg7 39. Ne4 Qf5 40. Nd6 Qe6 41. Ne4
Rbb8 42. Qe3 Rbd8 43. Nc5 Qf5 44. Ne4 Rfe8 45. Rb7 Rd4 46. Nc5 Qf6 47. Nd7 Qc6+
48. Qf3 Qxf3+ 49. Kxf3 Re7 50. Nc5 Rxb7 51. Nxb7 Rxa4 52. Nd6 f5 53. Ke2 Kf6 54.
Nb5 Ra2+ 55. Ke3 g5 56. hxg5+ hxg5 57. Nd6 g4 58. Nc4 Rc2 59. Nb6 Rc3+ 60. Ke2
Ra3 61. Nd5+ Ke6 62. Nc7+ Kd7 63. Nd5 Ra2+ 64. Ke3 Ke6 65. Nb4 Ra3+ 66. Ke2 Kd6
67. Nd3 Ra2+ 68. Ke3 Ra3 69. Ke2 Kd5 70. Nb4+ Kc4 71. Nc6 Ra2+ 72. Ke3 Ra3+ 73.
Ke2 Kd5 74. Nb4+ Ke4 75. Nc6 Ra2+ 76. Kf1 f4 77. gxf4 exf4 78. Nb4 Ra1+ 79. Kg2
Rb1 80. Nc2 Rb2 81. Ne1 g3 82. Kf1 Rxf2+ 83. Kg1 Re2 84. Ng2 Rxg2+ 85. Kxg2 Ke3
86. Kf1 f3 87. Kg1 Ke2 88. Kh1 f2 89. Kg2 f1=Q+ 90. Kxg3 Qf2+ 91. Kg4 Ke3 92.
Kh5 Qg3 93. Kh6 Kf4 94. Kh7 Kf5 95. Kh6 Kf6 0-1

[Event "Titled Tue 3rd Jun Early"]
[Site "chess.com INT"]
[Date "2025.06.03"]
[Round "3"]
[White "Punin, Andrii"]
[Black "Molina, Roberto Junio Brito"]
[Result "1/2-1/2"]
[WhiteTitle "FM"]
[BlackTitle "IM"]
[WhiteElo "2289"]
[BlackElo "2381"]
[WhiteFideId "14112639"]
[BlackFideId "2109450"]
[EventDate "2025.06.03"]

1. e4 c6 2. Nc3 d5 3. Nf3 dxe4 4. Nxe4 Bg4 5. h3 Bxf3 6. Qxf3 Nd7 7. d4 Ndf6 8.
Nxf6+ Nxf6 9. c3 Qd5 10. Be2 e6 11. O-O Qxf3 12. Bxf3 Be7 13. a4 a6 14. a5 O-O
15. b4 Nd5 16. Bd2 Rfd8 17. Rad1 Bf6 18. Rfe1 Rd7 19. g3 Rad8 20. h4 g6 21. Kg2
h5 22. Rc1 Kh7 23. Rc2 Bg7 24. Bg5 Rc8 25. Bd2 Bh6 26. Bxh6 Kxh6 27. Rb1 Kg7 28.
Rcc1 Kf6 29. Rc2 Rcd8 30. Rcc1 Ne7 31. Rc2 Nf5 32. Be4 Nd6 33. Bd3 Nc8 34. Be2
Ne7 35. Re1 Nf5 36. Bd3 Ne7 37. Be2 Nd5 38. Bf3 Re7 39. Ree2 Nc7 40. Re1 Rde8
41. Re5 Rd7 42. Be4 Kg7 43. Bf3 Red8 44. Re1 Kf6 45. Re5 Nb5 46. Re1 Re7 47. Be2
Nc7 48. Bc4 Rde8 49. Rce2 Rd7 50. f4 Red8 51. Kf3 Nd5 52. Rc2 Ne7 53. Bd3 Nc8
54. Bf1 Nd6 55. Bd3 Ne8 56. Bf1 Ng7 57. Bd3 Rc7 58. Be4 Rd6 59. Bd3 Rcd7 60. Be4
Rd8 61. Bd3 Ne8 62. Be4 R6d7 63. Bd3 Nd6 64. Rcc1 Nc8 65. Rc2 Ne7 66. Rcc1 Nd5
67. Be4 Nc7 68. Bd3 Kg7 69. Bc4 Ne8 70. Rc2 Nd6 71. Bd3 Rc7 72. Rcc1 Rdc8 73.
Rc2 Rb8 74. Rcc1 Nb5 75. Bxb5 cxb5 76. Re3 Rbc8 77. Ke2 Kf6 78. Kd2 Kf5 79. Rg1
Kf6 80. Rf1 Rd7 81. Rff3 Rcd8 82. Re5 Rd5 83. Ke3 R8d7 84. Ke4 R5d6 85. Rc5 Ke7
86. Rd3 Rd5 87. Rxd5 Rxd5 88. Re3 Kf6 89. Kf3 Rd6 90. Re5 b6 91. axb6 Rxb6 92.
Rc5 Ke7 93. Ke4 Kf6 94. Kf3 Rd6 95. g4 hxg4+ 96. Kxg4 Rb6 97. h5 gxh5+ 98. Kxh5
Rb8 99. Kg4 Rg8+ 100. Kf3 Rh8 101. Ke4 Rh3 102. d5 Ke7 103. dxe6 fxe6 104. Rc6
Kd7 105. Rxa6 Rxc3 106. f5 Rc4+ 107. Ke5 exf5 108. Kxf5 Rxb4 109. Ke5 Kc7 110.
Kd5 Rc4 111. Rh6 Kb7 112. Rg6 Rc8 113. Kd4 Rc1 114. Kd3 Rc4 115. Rf6 Rc5 116.
Kd4 Rc1 117. Kd3 Rc8 118. Re6 Rc7 119. Rf6 Ka7 120. Re6 Rc5 121. Rf6 Rc4 122.
Re6 Kb7 123. Rf6 Rc8 124. Rg6 Rc7 125. Rf6 Ka7 126. Rg6 Rb7 127. Kc3 Rb6 128.
Rxb6 Kxb6 129. Kb4 Kc6 130. Kb3 Kc5 131. Kc3 b4+ 132. Kb3 Kb5 133. Kb2 Kc4 134.
Kc2 b3+ 135. Kb2 Kb4 136. Kb1 Kb5 137. Kb2 Ka4 138. Kb1 Kb4 139. Kb2 Kc4 140.
Kb1 Kc3 141. Kc1 b2+ 142. Kb1 Kb3 1/2-1/2

[Event "Titled Tue 3rd Jun Early"]
[Site "chess.com INT"]
[Date "2025.06.03"]
[Round "4"]
[White "Andrejevs, Arvids"]
[Black "Kshatriya, Nitin Vekhande"]
[Result "0-1"]
[WhiteTitle "CM"]
[BlackTitle "FM"]
[WhiteElo "2165"]
[BlackElo "2255"]
[WhiteFideId "11602708"]
[BlackFideId "45075530"]
[EventDate "2025.06.03"]

1. e4 c5 2. Nf3 d6 3. d4 cxd4 4. Nxd4 Nf6 5. Nc3 g6 6. Be3 Bg7 7. f3 O-O 8. Qd2
Nc6 9. O-O-O d5 10. Nxc6 bxc6 11. exd5 Nxd5 12. Nxd5 cxd5 13. Qxd5 Qc7 14. Qxa8
Bf5 15. Qxf8+ Kxf8 16. Bd3 Qe5 17. Bxf5 Qxe3+ 18. Kb1 Qb6 0-1

[Event "Titled Tue 3rd Jun Early"]
[Site "chess.com INT"]
[Date "2025.06.03"]
[Round "4"]
[White "Kolb, Tobias"]
[Black "Materia, Marco"]
[Result "0-1"]
[WhiteTitle "FM"]
[BlackTitle "IM"]
[WhiteElo "2402"]
[BlackElo "2489"]
[WhiteFideId "12992321"]
[BlackFideId "45150451"]
[EventDate "2025.06.03"]

1. d4 Nf6 2. c4 e6 3. Nc3 d5 4. cxd5 exd5 5. Bg5 Be7 6. e3 h6 7. Bh4 Bg4 8. f3
Be6 9. Bd3 Nbd7 10. Nge2 c5 11. dxc5 O-O 12. b4 a5 13. a3 axb4 14. axb4 Rxa1 15.
Qxa1 b6 16. c6 Ne5 17. Bb5 Qd6 18. O-O Qxb4 19. Rb1 Qxh4 0-1

[Event "Titled Tue 3rd Jun Early"]
[Site "chess.com INT"]
[Date "2025.06.03"]
[Round "4"]
[White "Le, Minh Tu"]
[Black "Young, Cohen"]
[Result "1-0"]
[WhiteTitle "FM"]
[BlackTitle "CM"]
[WhiteElo "1932"]
[BlackElo "2047"]
[WhiteFideId "12404888"]
[BlackFideId "4317440"]
[EventDate "2025.06.03"]

1. d4 Nf6 2. Bf4 d5 3. e3 c5 4. Nc3 Qb6 5. Nb5 Na6 6. dxc5 Qxc5 7. c3 Bd7 8. a4
Rc8 9. Nf3 Ne4 10. Ne5 Bc6 11. Qd4 Qxd4 12. exd4 f6 13. Nxc6 bxc6 14. Nxa7 Nc7
15. Nxc8 1-0

[Event "Titled Tue 3rd Jun Early"]
[Site "chess.com INT"]
[Date "2025.06.03"]
[Round "4"]
[White "Rubes, Jan"]
[Black "Aarav Sinha"]
[Result "1-0"]
[WhiteTitle "IM"]
[BlackTitle "FM"]
[WhiteElo "2426"]
[BlackElo "2255"]
[WhiteFideId "338176"]
[BlackFideId "25674064"]
[EventDate "2025.06.03"]

1. d4 Nf6 2. Nf3 d5 3. c4 e6 4. Nc3 Be7 5. Bf4 O-O 6. e3 b6 7. cxd5 Nxd5 8. Nxd5
Qxd5 9. a3 c5 10. dxc5 Qxd1+ 11. Rxd1 Bxc5 12. Be2 Bb7 13. O-O f6 14. Bc4 Re8
15. Nd4 Kf7 16. Nb5 Na6 17. b4 Bf8 18. Rd7+ Re7 19. Nd6+ 1-0

[Event "Titled Tue 3rd Jun Early"]
[Site "chess.com INT"]
[Date "2025.06.03"]
[Round "4"]
[White "Norowitz, Yaacov"]
[Black "Daulet, Alikhan"]
[Result "1-0"]
[WhiteTitle "IM"]
[BlackTitle "CM"]
[WhiteElo "2400"]
[BlackElo "2100"]
[WhiteFideId "2024799"]
[BlackFideId "13741632"]
[EventDate "2025.06.03"]

1. d4 d5 2. Nf3 Nf6 3. c3 e6 4. Bf4 c5 5. e3 Nc6 6. Nbd2 cxd4 7. exd4 Nh5 8. Bg5
f6 9. Be3 g6 10. g3 Bd6 11. Bg2 O-O 12. O-O e5 13. dxe5 fxe5 14. Nb3 Ne7 15. Bh6
Re8 16. Ng5 Bc7 17. Nc5 Qd6 18. b4 b6 19. Nce4 dxe4 20. Qb3+ Qd5 21. Bxe4 Qxb3
22. axb3 Rb8 23. Rxa7 Bd8 24. Rd1 Nf6 25. Rxd8 Rxd8 26. Rxe7 Rd7 27. Bd5+ Nxd5
28. Re8# 1-0

[Event "Titled Tue 3rd Jun Early"]
[Site "chess.com INT"]
[Date "2025.06.03"]
[Round "4"]
[White "Khandhadia, Nivaan Rathin"]
[Black "Noy, Eyal"]
[Result "0-1"]
[WhiteTitle "CM"]
[BlackTitle "FM"]
[WhiteElo "2112"]
[BlackElo "2346"]
[WhiteFideId "25753274"]
[BlackFideId "2821117"]
[EventDate "2025.06.03"]

1. d4 d5 2. c4 dxc4 3. Nc3 a6 4. a4 Nf6 5. e3 e6 6. Bxc4 c5 7. Nf3 Nc6 8. O-O
Be7 9. dxc5 Bxc5 10. Qxd8+ Kxd8 11. Rd1+ Ke7 12. h3 b6 13. e4 Bb7 14. Bg5 h6 15.
Bxf6+ gxf6 16. Rd2 Rhg8 17. Rad1 Rad8 18. Rxd8 Nxd8 19. g3 Rxg3+ 0-1

[Event "Titled Tue 3rd Jun Early"]
[Site "chess.com INT"]
[Date "2025.06.03"]
[Round "4"]
[White "Mayta Aiza, Maveric"]
[Black "Anakok, Deniz"]
[Result "1-0"]
[WhiteTitle "CM"]
[BlackTitle "CM"]
[WhiteElo "2184"]
[BlackElo "2058"]
[WhiteFideId "3307336"]
[BlackFideId "51603586"]
[EventDate "2025.06.03"]

1. e4 c5 2. Nc3 e6 3. Nf3 Nc6 4. g3 d6 5. Bg2 e5 6. O-O g6 7. Nd5 Bg7 8. c3 h6
9. b3 Nge7 10. Bb2 O-O 11. d4 cxd4 12. cxd4 Bg4 13. Nxe7+ Qxe7 14. d5 Bxf3 15.
Qxf3 Nd4 16. Qd3 f5 17. exf5 gxf5 18. Bxd4 exd4 19. Rfe1 Qf7 20. Re6 f4 21. Rf1
Rae8 22. Bh3 Qh5 23. Rxe8 Rxe8 24. Be6+ Kh8 25. g4 Qh4 26. Qg6 Rf8 27. Bf5 Kg8
28. Re1 Qf6 29. Qh7+ Kf7 30. Re6 1-0

[Event "Titled Tue 3rd Jun Early"]
[Site "chess.com INT"]
[Date "2025.06.03"]
[Round "4"]
[White "Skytte, Robert"]
[Black "Kocharin, Timur"]
[Result "0-1"]
[WhiteTitle "CM"]
[BlackTitle "FM"]
[WhiteElo "2007"]
[BlackElo "2324"]
[WhiteFideId "1471775"]
[BlackFideId "16240936"]
[EventDate "2025.06.03"]

1. e4 e5 2. Nf3 Nc6 3. Bc4 Nf6 4. Ng5 Nxe4 5. Bxf7+ Ke7 6. d4 h6 7. Nxe4 Kxf7 8.
Qf3+ Kg8 9. h4 Nxd4 10. Qh5 d5 11. Ng3 Nxc2+ 12. Kd1 Nxa1 13. Nf5 0-1

[Event "Titled Tue 3rd Jun Early"]
[Site "chess.com INT"]
[Date "2025.06.03"]
[Round "4"]
[White "Amangeldy, Ernur"]
[Black "Mujumdar, Sameer"]
[Result "0-1"]
[WhiteTitle "FM"]
[WhiteElo "2231"]
[BlackElo "2029"]
[WhiteFideId "13720244"]
[BlackFideId "2029707"]
[EventDate "2025.06.03"]

1. d4 Nf6 2. Nc3 d5 3. Bf4 g6 4. e3 Bg7 5. h4 h6 6. Nf3 Bg4 7. Qd2 Bxf3 8. gxf3
c6 9. O-O-O Nbd7 10. Bg3 Qa5 11. Kb1 O-O-O 12. Nb5 Qb6 13. Na3 Nh5 14. Bh2 e5
15. dxe5 Nxe5 16. Be2 Rhe8 17. c3 Nf6 18. f4 Ne4 19. Qe1 Nc4 20. Bxc4 Nxc3+ 21.
Kc2 Nxd1 22. Bb3 Nxb2 23. f5 Qc5+ 24. Kb1 Qxa3 0-1

[Event "Titled Tue 3rd Jun Early"]
[Site "chess.com INT"]
[Date "2025.06.03"]
[Round "4"]
[White "Moinzai, Khushal"]
[Black "Tilahun, Abel Mathewos"]
[Result "1-0"]
[WhiteTitle "FM"]
[BlackTitle "CM"]
[WhiteElo "1894"]
[BlackElo "1944"]
[WhiteFideId "11701200"]
[BlackFideId "15702391"]
[EventDate "2025.06.03"]

1. e4 e6 2. Nf3 d5 3. e5 c5 4. b4 b6 5. bxc5 bxc5 6. c3 Ne7 7. d4 Ng6 8. Bd3 Be7
9. O-O O-O 10. g3 Ba6 11. h4 Bxd3 12. Qxd3 Re8 13. h5 Nf8 14. Be3 h6 15. Kg2 c4
16. Qc2 Nbd7 17. Nh2 Rb8 18. Nd2 Ba3 19. Rab1 Qa5 20. Ng4 1-0

[Event "Titled Tue 3rd Jun Early"]
[Site "chess.com INT"]
[Date "2025.06.03"]
[Round "4"]
[White "Rees, Ioan"]
[Black "Barwinska, Ewa"]
[Result "1-0"]
[WhiteTitle "FM"]
[BlackTitle "WFM"]
[WhiteElo "2288"]
[BlackElo "2014"]
[WhiteFideId "1801236"]
[BlackFideId "21833761"]
[EventDate "2025.06.03"]

1. Nf3 c5 2. g3 Nc6 3. Bg2 d5 4. d4 cxd4 5. Nxd4 e5 6. Nxc6 bxc6 7. c4 Nf6 8.
O-O Be7 9. Nc3 Be6 10. Bg5 e4 11. Qa4 Qd7 12. Rad1 Rd8 13. Bxf6 Bxf6 14. Nxe4
Bxb2 15. Nc5 Qc7 16. cxd5 Bd7 17. dxc6 Bf5 18. Rxd8+ Kxd8 19. Rd1+ Ke7 20. Be4
Be6 21. Nxe6 fxe6 22. Rd7+ 1-0

[Event "Titled Tue 3rd Jun Early"]
[Site "chess.com INT"]
[Date "2025.06.03"]
[Round "4"]
[White "Scheglov, Gleb"]
[Black "Mata Gonzalez, Jose Fernando"]
[Result "1-0"]
[WhiteTitle "FM"]
[BlackTitle "CM"]
[WhiteElo "2318"]
[BlackElo "2164"]
[WhiteFideId "34356266"]
[BlackFideId "5107423"]
[EventDate "2025.06.03"]

1. f4 c5 2. Nf3 Nc6 3. e3 e6 4. b3 f5 5. Bb2 Nf6 6. Bb5 Be7 7. O-O O-O 8. Qe2 d5
9. Bxc6 bxc6 10. Ne5 Qc7 11. d3 Nd7 12. Nd2 Nxe5 13. Bxe5 Qd8 14. Nf3 Bf6 15.
Bxf6 gxf6 16. e4 fxe4 17. dxe4 d4 18. e5 a5 19. Qf2 f5 20. c3 a4 21. cxd4 axb3
22. axb3 Rxa1 23. Rxa1 cxd4 24. Qxd4 Qc7 25. Ra7 Qb8 26. Qc5 Rf7 27. Rxf7 Kxf7
28. Ng5+ Kg6 29. Qe7 Qb6+ 30. Kh1 Kh5 31. h3 Kh4 32. Kh2 h6 33. Nf3+ Kh5 34.
Qf7# 1-0

[Event "Titled Tue 3rd Jun Early"]
[Site "chess.com INT"]
[Date "2025.06.03"]
[Round "4"]
[White "Krishna, C R G"]
[Black "Gutierrez Olivares, Daniel"]
[Result "1-0"]
[WhiteTitle "IM"]
[BlackTitle "FM"]
[WhiteElo "2453"]
[BlackElo "2354"]
[WhiteFideId "5018625"]
[BlackFideId "2264005"]
[EventDate "2025.06.03"]

1. Nf3 Nf6 2. c4 e6 3. g3 a6 4. Bg2 b5 5. cxb5 axb5 6. O-O Bb7 7. b3 c5 8. Bb2
Be7 9. Qc2 Na6 10. Nc3 Qb6 11. a4 Nb4 12. Qb1 bxa4 13. Nxa4 Qd8 14. Rc1 d6 15.
Bc3 Nbd5 16. Bb2 Nb4 17. Rd1 O-O 18. Ng5 h6 19. Bxb7 Rb8 20. Bxf6 hxg5 21. Bxe7 1-0

[Event "Titled Tue 3rd Jun Early"]
[Site "chess.com INT"]
[Date "2025.06.03"]
[Round "4"]
[White "Bilochenko, Matvii"]
[Black "Dominguez, Ramiro"]
[Result "1-0"]
[WhiteTitle "CM"]
[BlackTitle "FM"]
[WhiteElo "2027"]
[BlackElo "2185"]
[WhiteFideId "41834062"]
[BlackFideId "4420055"]
[EventDate "2025.06.03"]

1. e4 e5 2. Nf3 Nc6 3. Bb5 a6 4. Ba4 Nf6 5. O-O Be7 6. Re1 b5 7. Bb3 d6 8. c3
O-O 9. d4 Bg4 10. d5 Nb8 11. h3 Bh5 12. Nbd2 c6 13. dxc6 Nxc6 14. Nf1 Qc7 15.
Ng3 Bg6 16. Nh4 Rfe8 17. Nhf5 Bf8 18. Qf3 Ne7 19. Bg5 Nxf5 20. exf5 e4 21. Qf4
Nh5 22. Nxh5 Bxh5 23. g4 h6 24. Bh4 g5 25. Bxg5 hxg5 26. Qxg5+ Kh8 27. Qxh5+ Kg8
28. Qg6+ Kh8 29. Bxf7 Re7 30. Qg8# 1-0

[Event "Titled Tue 3rd Jun Early"]
[Site "chess.com INT"]
[Date "2025.06.03"]
[Round "4"]
[White "Mottola, Max"]
[Black "Sharankov, Grigory"]
[Result "1-0"]
[BlackTitle "CM"]
[WhiteElo "2128"]
[BlackElo "2238"]
[WhiteFideId "30985862"]
[BlackFideId "4168356"]
[EventDate "2025.06.03"]

1. d4 d5 2. Nf3 Nf6 3. Bf4 c5 4. e3 e6 5. c3 Nc6 6. Nbd2 Nh5 7. Bg5 f6 8. Bh4 g6
9. Bd3 cxd4 10. cxd4 Bd6 11. O-O O-O 12. a3 Ng7 13. Bg3 e5 14. dxe5 fxe5 15. e4
d4 16. Nc4 Bg4 17. Be2 Bxf3 18. Bxf3 b5 19. Nxd6 Qxd6 20. Qb3+ Ne6 21. Qxb5 Rxf3
22. gxf3 Ng5 23. Qd5+ Qxd5 24. exd5 Ne7 25. Kg2 Nf5 26. Rae1 Rd8 27. Rxe5 Kf7
28. f4 1-0

[Event "Titled Tue 3rd Jun Early"]
[Site "chess.com INT"]
[Date "2025.06.03"]
[Round "4"]
[White "Terry, Renato"]
[Black "Aradhya, Garg"]
[Result "1-0"]
[WhiteTitle "IM"]
[BlackTitle "IM"]
[WhiteElo "2508"]
[BlackElo "2383"]
[WhiteFideId "3803457"]
[BlackFideId "25006746"]
[EventDate "2025.06.03"]

1. d4 d5 2. Nf3 Nf6 3. c4 c6 4. Nc3 dxc4 5. a4 Bf5 6. Ne5 e6 7. f3 Bb4 8. Nxc4
Nd5 9. Qd2 O-O 10. e4 Bxe4 11. fxe4 Nxc3 12. bxc3 Qh4+ 13. Kd1 Qg4+ 14. Kc2 Be7
15. Qf4 Qh5 16. g4 Qg6 17. Ne5 Qf6 18. Bc4 Qh4 19. Qg3 Qxg3 20. hxg3 Bf6 21. Bf4
g5 22. Be3 Kg7 23. Nf3 h6 24. e5 Be7 25. Bd3 Nd7 26. Nxg5 Bxg5 27. Bxg5 hxg5 28.
Rh7+ Kg8 29. Rah1 Nxe5 30. dxe5 f5 31. gxf5 1-0

[Event "Titled Tue 3rd Jun Early"]
[Site "chess.com INT"]
[Date "2025.06.03"]
[Round "4"]
[White "Dicen, Elis Denele"]
[Black "Souleidis, Georgios"]
[Result "1-0"]
[WhiteTitle "WFM"]
[BlackTitle "IM"]
[WhiteElo "2135"]
[BlackElo "2418"]
[WhiteFideId "462560"]
[BlackFideId "4206827"]
[EventDate "2025.06.03"]

1. e4 a6 2. Nf3 c6 3. d4 d5 4. exd5 cxd5 5. Bd3 Nc6 6. c3 Bg4 7. h3 Bxf3 8. Qxf3
e6 9. Bf4 Nf6 10. Nd2 Bd6 11. Bg5 Be7 12. O-O h6 13. Bf4 Bd6 14. Rfe1 Bxf4 15.
Qxf4 O-O 16. Nf3 Rc8 17. Ne5 Ne8 18. Re3 Nd6 19. Rg3 Kh8 20. Qg4 Rg8 21. Nxf7+
Nxf7 22. Qg6 1-0

[Event "Titled Tue 3rd Jun Early"]
[Site "chess.com INT"]
[Date "2025.06.03"]
[Round "4"]
[White "Barp, Alberto"]
[Black "Uzuner, Tufan Can"]
[Result "1-0"]
[WhiteTitle "IM"]
[BlackTitle "CM"]
[WhiteElo "2414"]
[BlackElo "1886"]
[WhiteFideId "872555"]
[BlackFideId "6300499"]
[EventDate "2025.06.03"]

1. c4 c6 2. e4 d5 3. exd5 cxd5 4. cxd5 Nf6 5. Qa4+ Nbd7 6. Nc3 g6 7. Be2 Bg7 8.
Bf3 O-O 9. d4 a6 10. Nge2 b5 11. Qb3 Rb8 12. O-O Nb6 13. Bf4 Rb7 14. d6 exd6 15.
Bxb7 Bxb7 16. Rad1 Nfd5 17. Bg3 Qg5 18. a4 Nxc3 19. Nxc3 1-0

[Event "Titled Tue 3rd Jun Early"]
[Site "chess.com INT"]
[Date "2025.06.03"]
[Round "4"]
[White "Golsta, Madara"]
[Black "Pragnya H G"]
[Result "1-0"]
[BlackTitle "WFM"]
[WhiteElo "1999"]
[BlackElo "1929"]
[WhiteFideId "11607386"]
[BlackFideId "25609785"]
[EventDate "2025.06.03"]

1. e4 c5 2. Nf3 Nc6 3. d4 cxd4 4. Nxd4 Nf6 5. Nc3 e6 6. Nxc6 bxc6 7. e5 Nd5 8.
Ne4 Qc7 9. f4 Bb4+ 10. Kf2 O-O 11. c4 Nb6 12. c5 d5 13. exd6 Qd8 14. cxb6 f5 15.
Ng5 Qxb6+ 16. Be3 Bc5 17. Bxc5 Qxc5+ 18. Kg3 Rd8 19. Rc1 Qe3+ 20. Nf3 e5 21.
Qb3+ Qxb3 22. axb3 e4 23. Ne5 1-0

[Event "Titled Tue 3rd Jun Early"]
[Site "chess.com INT"]
[Date "2025.06.03"]
[Round "4"]
[White "Galchenko, Matvey"]
[Black "Jakubowski, Krzysztof"]
[Result "1-0"]
[WhiteTitle "IM"]
[BlackTitle "GM"]
[WhiteElo "2442"]
[BlackElo "2448"]
[WhiteFideId "24175480"]
[BlackFideId "1112848"]
[EventDate "2025.06.03"]

1. e4 c6 2. d4 d5 3. exd5 cxd5 4. Bd3 Nc6 5. c3 Nf6 6. h3 g6 7. Nf3 Bf5 8. Be2
Bg7 9. O-O O-O 10. Bf4 Ne4 11. Nbd2 Qb6 12. Qb3 Nxd2 13. Nxd2 Na5 14. Qxd5 e5
15. dxe5 Rfd8 16. Qb5 Qxb5 17. Bxb5 a6 18. Be2 Bxe5 19. Bg5 f6 20. Be3 Bd3 21.
Rfe1 Kg7 22. Bb6 Bxe2 23. Bxd8 1-0

[Event "Titled Tue 3rd Jun Early"]
[Site "chess.com INT"]
[Date "2025.06.03"]
[Round "4"]
[White "Emeliantsev, Anatoliy"]
[Black "Stankovic, Boris"]
[Result "1-0"]
[WhiteTitle "FM"]
[BlackTitle "FM"]
[WhiteElo "2359"]
[BlackElo "2298"]
[WhiteFideId "4160681"]
[BlackFideId "985317"]
[EventDate "2025.06.03"]

1. d4 Nf6 2. c4 e6 3. Nc3 d5 4. Bg5 c5 5. cxd5 cxd4 6. Qa4+ Nbd7 7. Qxd4 e5 8.
Qh4 Qa5 9. e4 Bb4 10. Ne2 h6 11. a3 Nxe4 12. Qxe4 Bxc3+ 13. Nxc3 hxg5 14. Bb5
O-O 15. h4 Nf6 16. Qxe5 Bd7 17. Bxd7 Rfe8 18. Bxe8 Rxe8 19. Qxe8+ Nxe8 20. hxg5
b5 21. Rh4 Nd6 22. O-O-O Qd8 23. Rdh1 1-0

[Event "Titled Tue 3rd Jun Early"]
[Site "chess.com INT"]
[Date "2025.06.03"]
[Round "4"]
[White "Smieszek, Wojciech"]
[Black "Guerra Tulcan, Lenin"]
[Result "0-1"]
[WhiteTitle "CM"]
[BlackTitle "IM"]
[WhiteElo "2141"]
[BlackElo "2310"]
[WhiteFideId "1156047"]
[BlackFideId "3601382"]
[EventDate "2025.06.03"]

1. e4 c5 2. Nf3 e6 3. d4 cxd4 4. Nxd4 Nc6 5. Nc3 Qc7 6. Be3 a6 7. Bd3 b5 8. Nxc6
dxc6 9. a4 b4 10. Nb1 c5 11. Nd2 Bb7 12. a5 Nf6 13. O-O h5 14. f3 Bd6 15. h3
Bh2+ 16. Kh1 Bf4 17. Bf2 h4 18. Nc4 Rd8 19. Qe2 Nh5 20. e5 Ng3+ 21. Bxg3 hxg3
22. Nd6+ Rxd6 23. exd6 Qxd6 24. Be4 Bc8 25. Rad1 Qc7 26. Qd3 Ke7 27. Kg1 Qxa5
28. Bb7 Qb6 29. Bxc8 c4+ 30. Qd4 Be3+ 31. Qxe3 Qxe3+ 32. Kh1 Rxc8 0-1

[Event "Titled Tue 3rd Jun Early"]
[Site "chess.com INT"]
[Date "2025.06.03"]
[Round "4"]
[White "Bok, Benjamin"]
[Black "Ilinca, Felix-Antonio"]
[Result "1-0"]
[WhiteTitle "GM"]
[BlackTitle "IM"]
[WhiteElo "2591"]
[BlackElo "2420"]
[WhiteFideId "1017063"]
[BlackFideId "54764998"]
[EventDate "2025.06.03"]

1. d4 d5 2. c4 e6 3. Nc3 Nf6 4. cxd5 exd5 5. Bg5 Be6 6. e3 Nbd7 7. Bd3 c6 8. f3
Be7 9. Nge2 Nh5 10. Bxe7 Qxe7 11. Qb3 Nb6 12. a4 O-O 13. g4 Nf6 14. Qa3 Qc7 15.
b3 Rfe8 16. a5 Nc8 17. h3 Nd6 18. Kd2 Rac8 19. Rac1 b6 20. Nf4 Qd8 21. g5 Nfe4+
22. fxe4 dxe4 23. Nxe4 Nxe4+ 24. Bxe4 Qxg5 25. Rxc6 Rcd8 26. Nxe6 Rxe6 27. Rxe6
fxe6 28. Ke2 bxa5 29. Qc5 Qh4 30. Qe5 Kh8 31. Rg1 Qh6 32. Rg5 Rf8 33. Rh5 Qf6
34. Rxh7+ Kg8 35. Qxf6 Rxf6 36. Rh5 a4 37. bxa4 Kf8 38. Ra5 Ke7 39. Rxa7+ Kd6
40. Rxg7 e5 41. Rg6 Rxg6 42. Bxg6 exd4 43. exd4 Kd5 44. Kd3 Kd6 45. Be4 Ke6 46.
a5 Kf6 47. a6 Kg5 48. a7 Kh4 49. a8=Q Kxh3 50. Qg8 Kh4 51. Ke3 Kh5 52. Kf4 Kh4
53. Qh8# 1-0

[Event "Titled Tue 3rd Jun Early"]
[Site "chess.com INT"]
[Date "2025.06.03"]
[Round "4"]
[White "Hernandez Jimenez, Alexander Andres"]
[Black "Kirchei, Viktoriia"]
[Result "1-0"]
[WhiteTitle "FM"]
[BlackTitle "WFM"]
[WhiteElo "2043"]
[BlackElo "2058"]
[WhiteFideId "3900452"]
[BlackFideId "34133396"]
[EventDate "2025.06.03"]

1. e4 d6 2. d4 g6 3. Nc3 Bg7 4. g3 Nd7 5. Bg2 e5 6. Nge2 Ne7 7. O-O O-O 8. f4 h6
9. f5 g5 10. g4 c6 11. Be3 Bf6 12. h4 Nb6 13. hxg5 hxg5 14. b3 Kg7 15. Qd2 Ng8
16. Ng3 exd4 17. Nh5+ Kh6 18. Nxf6 dxe3 19. Nxg8+ Rxg8 20. Qxe3 Qf6 21. Ne2 Re8
22. Ng3 c5 23. Rad1 Bd7 24. Kf2 Qe5 25. Rh1+ Kg7 26. Qxg5+ Kf8 27. Nh5 Re6 28.
Qg7+ Qxg7 29. Nxg7 Re5 30. f6 1-0